000
00214nam a22000857a 4500
999
_c
11486
_d
11486
008
190527b ||||| |||| 00| 0 eng d
020
_a
9789384603618
100
_9
7204
_a
GOPINATHAN P
245
_a
HANDBALL STEP TO SUCCESS